[Event "Peleia"]
[Site "http://www.queenalice.com/game.php?id=963333"]
[Date "2011.7.22"]
[Round "-"]
[White "Miague"]
[Black "bobbynilson"]
[Result "0-1"]
[WhiteElo "1288"]
[BlackElo "1862"]

1. d3 d5 2. Bf4 c5 3. Na3 Nc6 4. Qd2 e5 5. Bg5 Nf6 6. O-O-O Be7 7. Bxf6 Bxf6 8.
g4 Bxg4 9. f3 Be6 10. e4 Bg5 11. exd5 Bxd2+ 12. Kxd2 Bxd5 13. c4 Be6 14. Ne2 O-O
15. Nc2 Bxc4 16. Kc3 b5 17. Ne3 Qa5+ 18. Kc2 Nb4+ 19. Kd2 Nxd3+ 20. Nc3 Nf2 21.
Bg2 Nxd1 22. Rxd1 Rfd8+ 23. Kc2 Rxd1 24. Nexd1 Rd8 25. a3 b4 26. axb4 cxb4 27.
Nb1 Qa4+ 28. Kc1 Rxd1# 0-1

[Event "VIII-E-1-1-R3-J2"]
[Site "http://www.queenalice.com/game.php?id=965585"]
[Date "2011.7.27"]
[Round "-"]
[White "bobbynilson"]
[Black "kalabric"]
[Result "1-0"]
[WhiteElo "1500"]
[BlackElo "1824"]

1. e4 e5 2. Nf3 Nc6 3. Bc4 h6 4. Nc3 Nf6 5. d4 Bb4 6. dxe5 Bxc3+ 7. bxc3 Nxe4 8.
Qd5 O-O 9. Qxe4 Re8 10. O-O d6 11. Rd1 Nxe5 12. Nxe5 Rxe5 13. Qxe5 Qh4 14. Qe8+
Kh7 15. Qxf7 Bg4 16. Re1 Bh5 17. Bd3+ Kh8 18. Qf5 Kg8 19. Qh7+ Kf7 20. Bxh6 Qf6
21. Bc4+ Kf8 22. Qg8# 1-0

[Event "VIII-E-1-1-R4-J1"]
[Site "http://www.queenalice.com/game.php?id=966003"]
[Date "2011.7.28"]
[Round "-"]
[White "Shydo"]
[Black "bobbynilson"]
[Result "0-1"]
[WhiteElo "1720"]
[BlackElo "1862"]

1. e4 e5 2. Nf3 Nc6 3. Bb5 a6 4. Ba4 Nf6 5. O-O b5 6. Bb3 Be7 7. Re1 d6 8. h3
O-O 9. c3 Na5 10. Bc2 c5 11. d4 Qc7 12. Nbd2 cxd4 13. cxd4 Bb7 14. d5 Rfc8 15.
Bd3 g6 16. Qe2 Nh5 17. g3 Nc4 18. b3 Nxd2 19. Bxd2 Qd7 20. Kh2 Re8 21. Rac1 Rac8
22. Rxc8 Bxc8 23. Rc1 Qxh3+ 24. Kg1 Bg4 25. Rc7 Nf4 26. Bxf4 exf4 27. e5 fxg3
28. Ra7 g2 29. Nh2 Bxe2 0-1

[Event "VIII-E-1-1-R1-J2"]
[Site "http://www.queenalice.com/game.php?id=966004"]
[Date "2011.7.28"]
[Round "-"]
[White "ebelote"]
[Black "bobbynilson"]
[Result "0-1"]
[WhiteElo "1657"]
[BlackElo "1927"]

1. Nf3 Nf6 2. Nc3 g6 3. e4 d6 4. Bc4 Bg7 5. d4 O-O 6. Bf4 Nxe4 7. Nxe4 d5 8.
Bxd5 Qxd5 9. Qe2 Bf5 10. Nc3 Qc6 11. O-O Bg4 12. d5 Qc5 13. h3 Bd7 14. Rfe1 e6
15. dxe6 Bxe6 16. Ne4 Qa5 17. Neg5 Bd5 18. Ne5 f6 19. Nc4 Qb5 20. Ne6 Bxc4 21.
Qd2 Bxe6 22. Rxe6 Qxb2 23. Rae1 Nc6 24. Qd5 Rad8 25. Rd6+ Kh8 26. Rxd8 Rxd8 27.
Qc4 Qb4 28. Qxb4 Nxb4 29. Bxc7 Rc8 30. c4 Rxc7 31. Re8+ Bf8 32. Rxf8+ Kg7 33.
Re8 Nxa2 34. Re4 a5 35. h4 a4 36. Re7+ Rxe7 0-1

[Event "VIII-E-1-1-R8-J2"]
[Site "http://www.queenalice.com/game.php?id=970180"]
[Date "2011.8.8"]
[Round "-"]
[White "kalabric"]
[Black "bobbynilson"]
[Result "1/2-1/2"]
[WhiteElo "1801"]
[BlackElo "2095"]

1. e4 c5 2. c4 g6 3. Nc3 Bg7 4. Nf3 d6 5. Be2 Nc6 6. a3 Bg4 7. h3 Bxf3 8. Bxf3
e6 9. O-O Nge7 10. d3 O-O 11. Bf4 a6 12. Qd2 Nd4 13. Rab1 Nxf3+ 14. gxf3 Nc6 15.
Ne2 b5 16. b3 d5 17. Bh6 bxc4 18. Bxg7 Kxg7 19. bxc4 dxc4 20. Qc3+ Nd4 21. Nxd4
Qxd4 22. Qxd4+ cxd4 23. dxc4 Rfc8 24. Rfc1 Rc5 25. Rb2 Rac8 26. Rbc2 e5 27. Kg2
Kf6 28. h4 Ke6 29. Kg3 f5 30. Kg2 Ra5 31. Ra1 Ra4 32. c5 Ra5 33. c6 Kd6 34. Kf1
Rxc6 35. Rb2 Rc3 36. Rb7 Rxf3 37. Rxh7 fxe4 38. Kg2 Ke6 39. a4 Rf7 40. Rh6 Kf5
41. Kg3 Rc7 42. Rh8 Rc3+ 43. Kg2 e3 44. fxe3 Rxe3 45. Kf2 Rc5 46. Rf8+ Kg4 47.
Rg1+ Kh3 1/2-1/2

[Event "AUTO-OPEN-2439"]
[Site "http://www.queenalice.com/game.php?id=970892"]
[Date "2011.8.10"]
[Round "1"]
[White "bobbynilson"]
[Black "cunha"]
[Result "0-1"]
[WhiteElo "1927"]
[BlackElo "2854"]

1. e4 c5 2. Nf3 d6 3. d4 cxd4 4. c3 Nf6 5. Bd3 dxc3 6. Nxc3 Nc6 7. O-O g6 8. Qe2
Bg7 9. h3 O-O 10. Rd1 Be6 11. Be3 Rc8 12. a3 Qa5 13. Rac1 a6 14. g4 Nxg4 15.
hxg4 Bxc3 16. Rxc3 Bxg4 17. Bf4 Qh5 18. Bb1 Nd4 19. Rxd4 Rxc3 20. Rd5 e5 21.
bxc3 Bxf3 22. Qxf3 Qxf3 23. Be3 Rc8 24. Rxd6 Qe2 25. Bd3 Qe1+ 26. Kg2 Qxc3 0-1

[Event "AUTO-OPEN-2439"]
[Site "http://www.queenalice.com/game.php?id=970893"]
[Date "2011.8.10"]
[Round "1"]
[White "cunha"]
[Black "bobbynilson"]
[Result "1-0"]
[WhiteElo "2853"]
[BlackElo "1927"]

1. d4 Nf6 2. c4 e6 3. Nf3 d5 4. Nc3 Bb4 5. e3 c5 6. Bd3 Nc6 7. a3 cxd4 8. axb4
dxc3 9. Qa4 Bd7 10. b5 Ne7 11. bxc3 dxc4 12. Qxc4 O-O 13. O-O Ned5 14. Qb3 Qc7
15. c4 Nb6 16. Bb2 Rfd8 17. Rfc1 Be8 18. c5 Nbd5 19. Be5 Qc8 20. e4 Ne7 21. Bd6
Ng6 22. e5 Nd5 23. c6 bxc6 24. bxc6 1-0

[Event "AUTO-OPEN-2439"]
[Site "http://www.queenalice.com/game.php?id=970894"]
[Date "2011.8.10"]
[Round "1"]
[White "bobbynilson"]
[Black "Said"]
[Result "1-0"]
[WhiteElo "2071"]
[BlackElo "2013"]

1. e4 c5 2. Nf3 d6 3. d4 cxd4 4. Nxd4 Nf6 5. Nc3 a6 6. Bg5 e6 7. f4 b5 8. a3 Bb7
9. Qd2 Nbd7 10. O-O-O Bxe4 11. Nxe4 Nxe4 12. Qe3 Nxg5 13. fxg5 Be7 14. h4 O-O
15. Bd3 Ne5 16. Be4 Rc8 17. Rdf1 Nc4 18. Qd3 g6 19. h5 Bxg5+ 20. Kb1 Nd2+ 21.
Ka1 Nxf1 22. hxg6 fxg6 23. Bxg6 Qf6 24. Bxh7+ Kg7 25. Be4 Rh8 26. Rxf1 Qh6 27.
Bd5 Rce8 28. Bxe6 Rxe6 29. Nf5+ Kg6 30. Nxh6+ Kxh6 31. Rh1+ Kg7 32. Rxh8 Kxh8
33. Qf5 Re1+ 34. Ka2 Be3 35. Qf8+ Kh7 36. Qe7+ Kg6 37. Qxd6+ 1-0

[Event "AUTO-OPEN-2439"]
[Site "http://www.queenalice.com/game.php?id=970895"]
[Date "2011.8.10"]
[Round "1"]
[White "Said"]
[Black "bobbynilson"]
[Result "0-1"]
[WhiteElo "2005"]
[BlackElo "2010"]

1. c4 Nf6 2. Nc3 e6 3. e4 b6 4. e5 Ng8 5. d4 Bb7 6. Nf3 d6 7. Be2 dxe5 8. Nxe5
Bxg2 9. Rg1 Bb7 10. Be3 Nd7 11. Nf3 Bb4 12. Rxg7 Qf6 13. Rg1 Ne7 14. a3 Bxc3+
15. bxc3 Ng6 16. Bg5 Qf5 17. h4 Nf4 18. Bxf4 Qxf4 19. Qd2 Qf5 20. Rg3 O-O-O 21.
Bd3 Qf6 22. a4 Bxf3 0-1

[Event "Challenge"]
[Site "http://www.queenalice.com/game.php?id=971457"]
[Date "2011.8.11"]
[Round "-"]
[White "ZUMBI"]
[Black "bobbynilson"]
[Result "0-1"]
[WhiteElo "2072"]
[BlackElo "2054"]

1. e4 e5 2. Nf3 Nc6 3. d4 exd4 4. Nxd4 Qh4 5. Nc3 Bb4 6. Bd2 Nxd4 7. g3 Qe7 8.
Nd5 Qxe4+ 9. Ne3 Bxd2+ 10. Qxd2 Nf3+ 11. Ke2 Nxd2 12. Kxd2 Qxh1 13. Re1 Kd8 14.
Bg2 Qxh2 15. Rh1 Qxh1 16. Bxh1 Nf6 17. f4 c6 18. a4 d5 19. b4 Re8 20. b5 Ne4+
21. Kd3 Nf2+ 22. Kd4 Nxh1 23. Kc5 Rxe3 24. bxc6 Nxg3 25. cxb7 Bxb7 26. c4 Rc8+
27. Kd4 Nf5# 0-1

[Event "Challenge"]
[Site "http://www.queenalice.com/game.php?id=971458"]
[Date "2011.8.11"]
[Round "-"]
[White "bobbynilson"]
[Black "ZUMBI"]
[Result "1-0"]
[WhiteElo "1945"]
[BlackElo "2060"]

1. e4 e5 2. Nf3 Nc6 3. Bb5 d6 4. d4 a6 5. Bxc6+ bxc6 6. dxe5 d5 7. exd5 Qxd5 8.
O-O Qe4 9. Nc3 Qg6 10. Re1 Bb7 11. Bf4 f6 12. exf6+ Kf7 13. Ne5+ Kxf6 14. Nxg6
hxg6 15. Qd4+ Kf5 16. Qe5+ Kg4 17. Qg5# 1-0

[Event "VIII-E-1-1-R6-J2"]
[Site "http://www.queenalice.com/game.php?id=986856"]
[Date "2011.9.18"]
[Round "-"]
[White "bobbynilson"]
[Black "ebelote"]
[Result "1-0"]
[WhiteElo "2102"]
[BlackElo "1643"]

1. e4 e5 2. Nf3 Nc6 3. Bb5 Nge7 4. c3 a6 5. Ba4 g6 6. d4 b5 7. Bb3 Bb7 8. O-O
Bg7 9. d5 Na5 10. Bc2 h5 11. Qe2 d6 12. a4 c6 13. axb5 axb5 14. dxc6 Bxc6 15.
Rd1 O-O 16. Nbd2 d5 17. exd5 Nxd5 18. Ne4 Nc4 19. Rxa8 Qxa8 20. Bd3 Nf6 21.
Nxf6+ Bxf6 22. Bxc4 bxc4 23. Nxe5 1-0

[Event "VIII-E-1-1-R9-J1"]
[Site "http://www.queenalice.com/game.php?id=986858"]
[Date "2011.9.18"]
[Round "-"]
[White "bobbynilson"]
[Black "Shydo"]
[Result "1-0"]
[WhiteElo "2095"]
[BlackElo "1791"]

1. e4 e5 2. Nf3 Nc6 3. Bb5 d6 4. d4 exd4 5. Nxd4 Bd7 6. Nxc6 bxc6 7. Bc4 Nf6 8.
Nc3 Be7 9. O-O O-O 10. Qe2 c5 11. e5 dxe5 12. Qxe5 Bd6 13. Qg5 Rb8 14. b3 Bxh2+
15. Kxh2 Ng4+ 16. Kg1 Qxg5 17. Bxg5 h6 18. Be7 Rfe8 19. Bxc5 Re5 20. Bxa7 Rb7
21. Bd4 Rh5 22. Be2 Rh4 23. Bxg4 Rxg4 24. Be3 c6 25. a4 c5 26. Bxc5 h5 27. b4
Bc6 28. f3 Rg5 29. a5 Rd7 30. a6 Rd2 31. Rf2 Rd7 32. a7 Rd8 33. Be7 Rxg2+ 34.
Kxg2 Rd4 35. a8=Q+ 1-0